[Event "Titled Tuesday intern op 16th Apr Early"]
[Site "Chess.com INT"]
[Date "2024.04.16"]
[Round "7"]
[White "Sai Agni, Jeevitesh J"]
[Black "Enkhrii, Enkh Amgalan"]
[Result "1-0"]
[WhiteElo "2274"]
[BlackElo "1942"]
[PlyCount "149"]
[EventDate "2024.04.16"]
[EventType "swiss (blitz)"]
[EventRounds "11"]
[EventCountry "USA"]
[SourceTitle "CB17_2024"]
[SourceDate "2024.04.24"]
[SourceVersion "1"]
[SourceVersionDate "2024.04.24"]
[SourceQuality "1"]

1. e4 e5 2. Nf3 Nc6 3. Bc4 Nf6 4. d3 h6 5. 0-0 g6 6. a4 Bg7 7. a5 a6 8. Nc3 d6 9. h3 Ne7 10. d4 exd4 11. Nxd4 0-0 12. Be3 Nxe4 13. Nxe4 d5 14. Bd3 dxe4 15. Bxe4 Nd5 16. Bxd5 Qxd5 17. c3 b6 18. Qf3 Bb7 19. Qxd5 Bxd5 20. axb6 cxb6 21. Nc2 Be4 22. Rfc1 b5 23. Bd4 Rfd8 24. Bxg7 Kxg7 25. Nd4 b4 26. f3 Bb7 27. Kf2 a5 28. Rd1 Rac8 29. Nb3 Rxd1 30. Rxd1 bxc3 31. bxc3 a4 32. Na5 Ba6 33. Ra1 Rxc3 34. Rxa4 Rc2+ 35. Kg1 Rc1+ 36. Kf2 Rf1+ 37. Kg3 h5 38. h4 Rb1 39. Ra2 f6 40. Nc6 Bf1 41. Nd4 g5 42. hxg5 fxg5 43. Kf2 Bc4 44. Ra7+ Kg6 45. Rc7 Rb2+ 46. Kg1 Bd5 47. Rc5 Bb7 48. Rb5 Rxb5 49. Nxb5 Bc6 50. Nd4 Bd5 51. Kf2 g4 52. fxg4 hxg4 53. g3 Kf6 54. Ke3 Ke5 55. Ne2 Bf3 56. Nc1 Kf5 57. Nd3 Be4 58. Nf2 Bf3 59. Kd4 Be2 60. Ke3 Bf3 61. Nd3 Bd1 62. Kd4 Bf3 63. Nc5 Ba8 64. Nb3 Bf3 65. Na5 Ba8 66. Nc4 Bf3 67. Ne3+ Kg5 68. Ke5 Be2 69. Nd5 Bf3 70. Nf4 Bd1 71. Ne6+ Kg6 72. Kf4 Kf6 73. Nd4 Kg6 74. Nc6 Kf6 75. Ne5 1-0

[Event "Bijnor op"]
[Site "Bijnor"]
[Date "2024.03.20"]
[Round "7"]
[White "Shreyash, Singh"]
[Black "Sai Agni, Jeevitesh J"]
[Result "0-1"]
[WhiteElo "1807"]
[BlackElo "2285"]
[PlyCount "80"]
[EventDate "2024.03.17"]
[EventType "swiss"]
[EventRounds "9"]
[EventCountry "IND"]
[SourceTitle "CB13_2024"]
[SourceDate "2024.03.27"]
[SourceVersion "1"]
[SourceVersionDate "2024.03.27"]
[SourceQuality "1"]

1. d4 e6 2. c4 f5 3. a3 Nf6 4. Nc3 Be7 5. Nf3 b6 6. g3 Bb7 7. Bg2 0-0 8. 0-0 Qe8 9. Bf4 d6 10. Ng5 Bxg2 11. Kxg2 Bd8 12. d5 e5 13. Bd2 Nbd7 14. Qc2 Qg6 15. Ne6 Rf7 16. b4 Nf8 17. Nxf8 Rxf8 18. Rad1 a5 19. c5 axb4 20. axb4 h5 21. cxd6 cxd6 22. Nb5 Ne4 23. Be1 h4 24. f3 Nf6 25. Bf2 Nh5 26. Rg1 Nf4+ 27. Kf1 Nh3 28. Rg2 Nxf2 29. Kxf2 h3 30. Rgg1 e4 31. Ra1 e3+ 32. Kxe3 Rxa1 33. Rxa1 Qe8+ 34. Kf2 Qxb5 35. Qb3 Bf6 36. Ra7 Re8 37. Qc2 Qxd5 38. Qc7 Qd4+ 39. Ke1 Qc3+ 40. Kf2 Qe3+ 0-1

[Event "Bijnor op"]
[Site "Bijnor"]
[Date "2024.03.18"]
[Round "3"]
[White "Vinayak, Singh Yadav"]
[Black "Sai Agni, Jeevitesh J"]
[Result "0-1"]
[WhiteElo "1696"]
[BlackElo "2285"]
[PlyCount "148"]
[EventDate "2024.03.17"]
[EventType "swiss"]
[EventRounds "9"]
[EventCountry "IND"]
[SourceTitle "CB13_2024"]
[SourceDate "2024.03.27"]
[SourceVersion "1"]
[SourceVersionDate "2024.03.27"]
[SourceQuality "1"]

1. e4 e5 2. Nf3 Nc6 3. Bc4 Nf6 4. d3 h6 5. c3 d6 6. h3 g6 7. Be3 Bg7 8. Nbd2 0-0 9. 0-0 Na5 10. Bb3 Nxb3 11. axb3 b6 12. d4 Qe7 13. Re1 Bb7 14. Qc2 a5 15. Nh2 Nh5 16. d5 f5 17. f3 fxe4 18. fxe4 Nf4 19. Bxf4 Rxf4 20. Rf1 h5 21. b4 axb4 22. Rxa8+ Bxa8 23. Ra1 Rf8 24. cxb4 Bh6 25. Ndf3 Bb7 26. Ra7 Be3+ 27. Kf1 Rb8 28. Ke2 Bf4 29. Nf1 Qd7 30. Qc4 Qc8 31. b5 Ra8 32. Rxa8 Bxa8 33. Ne3 Bb7 34. Nc2 g5 35. Nb4 g4 36. hxg4 Qxg4 37. Kf1 h4 38. Qe2 Bc8 39. Ng1 Qg5 40. Nh3 Qg3 41. Nxf4 Qxf4+ 42. Ke1 Bg4 43. Qd3 Qc1+ 44. Kf2 Qxb2+ 45. Nc2 Bd7 46. Qe2 Kf8 47. Kg1 Ke7 48. Qf2 Qc1+ 49. Qe1 Qxe1+ 50. Nxe1 Bxb5 51. Kf2 Bd7 52. Nf3 h3 53. gxh3 Bxh3 54. Ke3 Bd7 55. Kd3 Kf6 56. Nd2 Kg5 57. Ke3 Kg4 58. Nc4 Kg3 59. Nd2 Bb5 60. Nf3 Kg4 61. Nh2+ Kg5 62. Nf3+ Kf6 63. Nd2 Ke7 64. Nf3 Kd7 65. Kd2 Bf1 66. Kc3 c5 67. dxc6+ Kxc6 68. Kb4 Bd3 69. Nd2 d5 70. Nf3 dxe4 71. Nxe5+ Kd5 72. Ng4 Kd4 73. Kb3 e3 74. Nh2 Be4 0-1

[Event "IND-ch Blitz"]
[Site "Nashik"]
[Date "2024.03.07"]
[Round "5"]
[White "Doshi, Moksh Amitbhai"]
[Black "Sai Agni, Jeevitesh J"]
[Result "0-1"]
[WhiteElo "2258"]
[BlackElo "2115"]
[PlyCount "68"]
[EventDate "2024.03.07"]
[EventType "swiss (blitz)"]
[EventRounds "11"]
[EventCountry "IND"]
[SourceTitle "CB11_2024"]
[SourceDate "2024.03.13"]
[SourceVersion "1"]
[SourceVersionDate "2024.03.13"]
[SourceQuality "1"]

1. d4 d5 2. c4 e6 3. Nf3 h6 4. Nc3 Nf6 5. Bf4 Bd6 6. Qc1 0-0 7. g4 Ne4 8. h4 c5 9. dxc5 Bxc5 10. e3 Nc6 11. g5 h5 12. Nxe4 dxe4 13. Nd2 e5 14. Bg3 Bf5 15. a3 a5 16. Be2 g6 17. Qc2 Qb6 18. 0-0 Bxe3 19. Nxe4 Nd4 20. Qd3 Bf4 21. Bxf4 exf4 22. c5 Qxb2 23. Rae1 Rfd8 24. Nf6+ Kg7 25. Qc4 Be6 26. Qa4 Bb3 27. Rb1 Qxb1 28. Rxb1 Bxa4 29. Bc4 Bc6 30. Kf1 Nf3 31. Rc1 Nd2+ 32. Ke1 Nxc4 33. Rxc4 Rd3 34. Rxf4 Rad8 0-1